000 00590nam a2200193 a 4500
003 OSt
005 20150218174305.0
008 910614s1982 cr a 000 0 spa d
010 _a 91162216
040 _cBMC
082 _a808.0687286
100 1 _aMalavassi V., Guillermo
_91158
245 1 0 _aDiezcuentos del claustro universitario y seis malavassiadas
_cGuillermo Malavassi
250 _a1ª ed
260 _aSan José (Costa Rica)
_bEditorial Universidad Estatal a Distancia
_c1982
300 _a160 p.
_bil.
_c21 cm
650 2 4 _aCuentos costarricenses
_928302
942 _2ddc
_cBK
999 _c17860
_d17860